Poesias : Panoplias, Via-Láctea, Sarças de fogo, Alma inquieta, As viagens, O caçador de esmeraldas, Tarde /

Salvato in:
Dettagli Bibliografici
Autore principale: Bilac, Olavo (autor)
Natura: Libro
Lingua:portoghese
Pubblicazione: São Paulo, Brasil : Livraria Francisco Alves, 1942
Edizione:19a edición
Soggetti:
Tags: Aggiungi Tag
Nessun Tag, puoi essere il primo ad aggiungerne!!

MARC

LEADER 00000nam^a2200000^a^4500
001 000580858
005 20250526000000.0
009 20260310132558.767
037 |a Acervo Xavier Clavigero 
041 |a POR 
082 |a 869.  |b BIL 
100 |a Bilac, Olavo  |e (autor) 
245 1 0 |a Poesias :  |b Panoplias, Via-Láctea, Sarças de fogo, Alma inquieta, As viagens, O caçador de esmeraldas, Tarde /  |c O. Bilac. 
250 |a 19a edición 
264 1 |a São Paulo, Brasil :  |b Livraria Francisco Alves,  |c 1942 
300 |a 391 p. 
336 |a texto  |b txt  |2 rdacontenido 
337 |a sin mediación  |b n  |2 rdamedio 
338 |a volumen  |b nc  |2 rdasoporte 
561 |a Ex libris de Bibl. Magnopontanae Domus Scti. Ioseph. Prov. Mex. Sept. S.I. 
562 |a Falta cubierta 
649 |a XX 
650 |a Poesía Brasileña 
650 |a Literatura Brasileña -  |y Siglo XIX 
650 |a Literatura Brasileña -  |y Siglo XX 
910 |a Fondo General 
920 |a Impresos - Libros 
930 |a Colección General 
940 |a Literatura 
905 |a 101 
901 |a 065047  |b IT1  |c LIT  |d BD  |i 065047  |u 20250526 
902 |a https://opac.biblio.iteso.mx/vufind/Record/000580858